[Event "Tata Steel-A 76th"]
[Site "Wijk aan Zee"]
[Date "2014.01.23"]
[Round "9"]
[White "So, Wesley"]
[Black "Van Wely, Loek"]
[Result "1-0"]
[WhiteElo "2719"]
[BlackElo "2672"]
[Annotator "Sumets,A"]
[PlyCount "81"]
[EventDate "2014.01.11"]
[EventType "tourn"]
[EventRounds "11"]
[EventCountry "NED"]
[EventCategory "20"]
[SourceTitle "CBM 159"]
[Source "ChessBase"]
[SourceDate "2014.03.17"]
[SourceVersion "1"]
[SourceVersionDate "2014.03.17"]
[SourceQuality "1"]

1. d4 Nf6 2. c4 g6 3. Nc3 Bg7 4. e4 d6 5. Nf3 O-O 6. Be2 e5 7. O-O Nc6 8. d5
Ne7 9. Ne1 Nd7 10. f3 f5 11. Be3 f4 12. Bf2 g5 {The resulting position was
very popular in the late 90s and early 2000s. The main lines were considered
to be 13.a4 and 13.Rc1.} 13. g4 {An interesting attempt to inhibit an attack
on the kingside.} h5 ({I have always been convinced that the strongest
continuation is} 13... fxg3 14. hxg3 Ng6 {however, over the last few years
White has achieved good results in this line.} 15. Qd2 {Probably this is the
strongest set-up} (15. Ng2 Nf6 (15... h5 16. Ne3 (16. Qd2) 16... a5 17. Kh2 (
17. Nf5 Nc5 18. Qc2 h4 19. g4 Nf4 $11) 17... Nc5 18. Na4 b6 (18... Nxa4 19.
Qxa4 h4 20. g4 Nf4 $132) 19. Nxc5 bxc5 20. Qc2 h4 21. g4 Bd7 22. Nf5 Bf6 $11 {
Dydyshko,V (2545)-Van Wely,L (2605) Yerevan 1996 1/2 (64)}) 16. Qd2 Nh5 17. Ne3
Ngf4 18. Kh2 Nxe2 19. Qxe2 Qf6 20. Nf5 $14 Bxf5 21. exf5 Qxf5 $6 22. g4 Qf4+
23. Kg2 $16 {1-0 (32) Ponomariov,R (2754)-Korobov,A (2660) Kiev 2011}) 15... h5
16. Be3 Bh6 17. Nd3 b6 18. Kg2 Kh7 (18... h4 19. Rh1 Nc5 20. Nxc5 bxc5 21. Rag1
Qf6 22. Kf1 $14) 19. Rh1 h4 20. Rag1 $16 {Kraemer,M (2546)-Nyzhnyk,I (2625)
Bad Wiessee 2013 1-0 (35)}) 14. h3 Rf6 (14... Kf7 15. Nd3 Rh8 16. Kg2 Nf6 17.
c5 Ng6 18. Rh1 Nh4+ 19. Bxh4 gxh4 20. Qb3 Nh7 21. Rac1 a6 22. Na4 Bf8 23. cxd6
Bxd6 24. Nac5 $14 {Kortschnoj,V (2615)-Nunn,J (2605) Monte Carlo 1994 0-1 (82)}
) 15. Nd3 Rh6 16. c5 (16. Kg2 c5 17. dxc6 bxc6 18. c5 $1 {see the game
Ponomariov,R-Nakamura,H/Saint Louis 2011 annotated by Ftacnik.}) 16... Nxc5 17.
Nxc5 dxc5 18. Bxc5 Ng6 19. Rc1 Bf8 ({In previous games Wesley's opponents
played} 19... hxg4 20. hxg4 Rh3 21. Kg2 Rg3+ 22. Kf2 Nh4 23. Rg1 Rh3 24. Rh1
Rg3 $8 (24... Rxh1 25. Qxh1 $16) 25. Kf1 Bf8 {Theory has ended after the 25th
move. This is modern chess.} (25... a6 $6 26. d6 $1 cxd6 27. Bf2 Be6 28. Nd5
Bxd5 29. Qxd5+ Kh7 30. Qxb7 Kg6 31. Rc7 $18 {So,W (2653)-Wan,Y (2456) Ho Chi
Minh City 2012 1-0 (37)}) 26. Bf2 a6 27. Bxg3 fxg3 28. Rg1 Qf6 29. Rxg3 Qf4 30.
Qe1 Bd6 $44 {So,W (2658)-Ding,L (2654) Khanty-Mansiysk 2011 1/2 (41)}) 20. Nb5
Bd6 21. Qb3 hxg4 22. fxg4 $1 {Now we have a slightly unusual pawn structure on
the board.} (22. hxg4 Rh3 23. Bxd6 (23. Kf2 $2 Bxg4) 23... cxd6 24. Nc7 Kf7 $1
25. Ne6 $8 (25. Nxa8 Qh8 26. Bd1 Qh4 $19) 25... Bxe6 26. dxe6+ Kf6 27. Qxb7
Qb6+ 28. Qxb6 axb6 29. Rfd1 Rah8 30. Kf2 $13) 22... Qe7 23. Bxd6 cxd6 24. Nxa7
$6 {This leads to a draw. To continue the game Wesley could choose between 24.
Qa3 or 24.Rc7. The resulting positions are very complicated.} (24. Qa3 $5 Nf8 (
24... f3 $6 25. Rc7 $1 (25. Rxf3 Nf4 26. Bf1 Bxg4 27. hxg4 Qh7 28. Kf2 Rh2+ 29.
Ke1 Qxe4+ 30. Qe3 $8 (30. Re3 Ng2+ $19) 30... Qb4+ 31. Nc3 Qxb2 32. Rb1 Qc2 33.
Rc1 Qb2 34. Rb1 $11) 25... Qf8 (25... fxe2 26. Rxe7 exf1=Q+ 27. Kxf1 Nxe7 28.
Nc7 Rb8 29. Qxa7 $18) 26. Rxf3 Nf4 27. Bf1 Rf6 28. Qe3 a6 29. Na3 b5 30. Nc2
$16) 25. Rc7 (25. Nc7 Qh7 $1 26. Rc3 (26. Nxa8 Rxh3 27. Qxh3 Qxh3 28. Rxc8 Qg3+
$11)) 25... Bd7 26. Rf3 (26. Rxb7 Qh7 27. Rf3 (27. Kg2 Rc8 28. Qd3 Rc2 $1 29.
Qxc2 Rxh3 $19) 27... Qxe4 28. Qd3 Qxd3 29. Bxd3 Bxb5 30. Rxb5 Re8 31. Be4 Nd7
32. Bf5 Nc5 $15) 26... Rc8 $1 27. Rxb7 Qh7 $1 28. Nxd6 Rc2 29. Bf1 Rxd6 30.
Qxd6 Qxe4 31. Rxd7 Qxf3 32. Rg7+ $8 Kxg7 33. Qe7+ Kg6 34. Qe8+ Kg7 35. Qe7+ Kg8
36. Qxg5+ Kh8 37. Qxe5+ Kg8 38. Qg5+ $11) (24. Rc7 Qd8 25. Rfc1 Ne7 26. a4 a6
27. Na3 b5 $5 (27... Ng6 $6 28. Qb6 Qf8 29. R1c3 $16) 28. axb5 axb5 29. Bxb5 (
29. Nxb5 Ba6 $44) 29... Ra7 $1 30. Rxa7 Qb6+ 31. Kg2 Qxa7 $44) 24... Qh7 $1 25.
Rc3 f3 $5 {'The show must go on'} ({It seems that the game would have finished
very quickly if he had played} 25... Rxa7 26. Rxc8+ Nf8 27. Rf3 (27. Qb6 Rxh3
28. Rxf8+ Kxf8 29. Qxd6+ Kf7 30. Qe6+ Kf8 31. Qf6+ Kg8 $11) 27... Qxe4 28. Qb6
Qxe2 29. Rxf8+ Kxf8 30. Qd8+ $11) 26. Bxf3 $1 {The only move.} (26. Rcxf3 $2
Nf4 27. Rxf4 gxf4 28. Nxc8 Rxc8 $19) (26. Rfxf3 $2 Bxg4 $1 27. hxg4 Rh1+ 28.
Kf2 Qh2+ 29. Ke3 Nf4 $19) 26... Bd7 27. Qxb7 Rf8 28. Bg2 Nf4 29. Rxf4 $1 (29.
Kh2 Rhf6 30. Rc7 R6f7) 29... exf4 $6 ({Why not} 29... gxf4 30. Qc7 (30. Rc7 $2
f3 $1 31. Rxd7 Qxe4 32. Rg7+ Kh8 33. Rf7 Rf6 $1 $17) 30... Rhf6 31. Bf3 R8f7
32. Qd8+ Rf8 33. Qc7 R8f7 $11) 30. Nc6 Qg7 $2 {The wrong move.} ({Loek should
have played} 30... f3 $1 31. Rxf3 (31. Bxf3 $2 Rxh3 32. Bg2 Rxc3 33. bxc3 Qf7
$40) 31... Rxf3 32. Bxf3 Rxh3 33. Qb8+ (33. Bg2 Qh4 $1 34. Bxh3 Qe1+ 35. Kg2
Qe2+ 36. Kh1 Qe1+ 37. Kh2 Qf2+ 38. Bg2 Qh4+ $11) 33... Kg7 34. Qxd6 Rxf3 35.
Qxd7+ Rf7 36. Ne7 Qxe4 37. Nf5+ Kh8 38. Qd8+ (38. Qxf7 Qg2+ 39. Kxg2 {a
stalemate}) 38... Kh7 39. Qxg5 Qe1+ 40. Kg2 Qe2+ 41. Kg3 Qe1+ 42. Kf3 Qf1+ 43.
Ke4 (43. Ke3 $4 Qc1+) 43... Qe2+ 44. Ne3 Qxb2 {The position seems to be
drawish.}) 31. Qb4 $2 (31. Qb6 Rhf6 (31... f3 $2 32. Rxf3 Rxf3 33. Bxf3 Rxh3
34. Qd8+ Kh7 35. Kg2 $18) 32. Nd4 Re8 33. Rc7 Rf7 34. a4 $1 Qe5 (34... Bxa4 $4
35. Nf5) 35. Rc4 $16 {White has good chances to win the game but some precise
play is still required.}) 31... f3 $1 32. Rxf3 Rxf3 33. Bxf3 Rxh3 {The
position is double-edged.} 34. Kg2 (34. Bg2 Rd3 35. Qxd6 Bxc6 36. Qb8+ (36.
Qxc6 $4 Rd1+ 37. Bf1 Qa7+ 38. Kg2 Rd2+ 39. Kh1 Qh7+ 40. Kg1 Qh2#) 36... Kh7 37.
Qh2+ $11) 34... Rh6 $2 {Now White has superiority again.} (34... Rh4 35. Qxd6 (
35. Qb8+ Kh7 36. Qb7 Kg8 37. Qb8+ Kh7 $11) 35... Qxb2+ 36. Kg1 Qc1+ 37. Kf2
Qd2+ 38. Be2 Bxg4 $11 {White has only a draw by perpetual check.}) 35. Qb6 $16
Qf8 36. Qd8 $6 {It is hard to believe that the queen exchange is a mistake.} (
36. Qe3 $5 Qf6 37. e5 dxe5 38. Nxe5 Be8 39. Be2 $16 {with a comfortable
advantage}) 36... Qxd8 37. Nxd8 Kg7 38. Nc6 Rh8 39. e5 {The last chance to
face his opponent with some problems.} (39. b3 Bxc6 40. dxc6 Rb8 $1 41. e5 $5
dxe5 42. Be4 Rb5 $8 43. a4 (43. Bf5 Rc5 44. Bd7 Kf7 45. b4 Rc2+ 46. Kf3 Ke7 47.
Ke4 Kd6 $15 {it is White who has to play accurately to make a draw}) (43. c7
Rc5 44. a4 Rxc7 45. a5 Rc1 46. a6 Ra1 47. Bb7 Kf6 $11) 43... Rxb3 44. a5 Ra3
45. Bf5 Rc3 46. Be4 Ra3 $11) 39... Bxc6 $4 {It is not easy to explain this
move.} (39... dxe5 40. Nxe5 Rd8 41. Kf2 Kf6 42. Nd3 Bb5 43. Nc5 Ke5 $11 {
and Black manages to equalise.}) 40. dxc6 $18 dxe5 41. Be4 $1 1-0

[Event "Bergamo ACP Golden Classic"]
[Site "Bergamo"]
[Date "2014.07.14"]
[Round "3"]
[White "So, Wesley"]
[Black "Vocaturo, Daniele"]
[Result "1-0"]
[WhiteElo "2744"]
[BlackElo "2584"]
[Annotator "So,Wesley"]
[PlyCount "85"]
[EventDate "2014.07.12"]
[EventType "tourn"]
[EventRounds "7"]
[EventCountry "ITA"]
[EventCategory "17"]
[SourceTitle "CBM 162"]
[Source "ChessBase"]
[SourceDate "2014.09.17"]
[SourceVersion "1"]
[SourceVersionDate "2014.09.17"]
[SourceQuality "1"]

{It was nice for me to play in the event ACP Golden Classic in Bergamo, Italy.
It was well-organised and the tournament directors were friendly. It is also
quite a strong event, Category 17 and tournament average of 2664. The
tournament also had the odd tradition where all games would be adjourned after
5 hours of play, and would resume on one of the rest days. I like this system
because both players have a lot of time to think. This tournament had been a
success to me because A) I achieved my goal of reaching 2750 B) I won the ACP
Golden Classic!} 1. d4 Nf6 2. c4 g6 3. Nc3 Bg7 {I thought Daniele would play
the QGD, but after the game it was revealed to me that he is a very aggressive
player.} 4. e4 d6 5. Nf3 O-O 6. Be2 e5 7. O-O Nc6 8. d5 Ne7 9. Ne1 {I like
this line for White and had some successes recently, even though the positions
I would get are nerve-racking. My teammate from Germany Georg Meier also has
this as his pet line. The problem with this and many other King's Indian lines
is that preparation could be hard. Computer analysis is not very helpful here.}
Nd7 10. f3 f5 11. Be3 f4 12. Bf2 g5 13. Rc1 ({Also very interesting is} 13. g4
{which I played many times, with good results.}) 13... Rf6 14. Nd3 b6 (14...
Rh6 15. c5 Qe8 16. Nb5 Qh5 17. h4 $1 Ng6 18. g4 fxg3 19. Bxg3 Nf4 20. Nxc7 Rb8
21. cxd6 $16 {is in White's favour according to theory. There are around 15
games so far in this position.}) 15. b4 a6 16. c5 Rh6 17. cxd6 cxd6 18. g4 {
To be honest it's hard to guess what White's best move is here even after
analysis. I've looked at some moves below that might be good alternatives:} (
18. b5 axb5 (18... a5 19. Na4 Nc5 20. Nxb6) (18... Qe8 19. h3 Qh5 20. Be1 Nc5
21. Nf2 a5 22. Na4) 19. Nxb5 (19. Nb4 Qe8) 19... Nc5 20. Nxc5 bxc5 21. Bxc5
dxc5 22. d6 Be6 (22... Kh8 23. dxe7 Qxe7) 23. Bc4 Bxc4 24. Rxc4 Bf8 25. Qb3 Ng6
26. Ra4+) (18. h3 Rg6 19. b5 h5 20. Nb4 axb5 21. Nc6 Qf8 22. Nxb5 Nc5 23. a4)
18... fxg3 (18... Rg6 19. h3 h5 20. Kg2 Rh6 {is a playable alternative.}) 19.
hxg3 Ng6 20. Kg2 Nf6 21. Rh1 Rxh1 22. Kxh1 {I didn't know that this is still
theory, in my database there are 2 games that reached this position. I feel
that White has a stable advantage due to his space advantage, but it's not so
easy to make progress.} b5 (22... h5 23. Na4 $1 b5 24. Nb6 Rb8 25. Nxc8 Rxc8
26. Be3 g4 27. Bg5 {after White has killed the c8-bishop, Black's attack is
over and White has a clear advantage.}) ({Or} 22... Bd7 23. Be3 h6 24. a4 {
with similar play as in the game.}) 23. Be3 h6 24. a4 Bd7 25. axb5 axb5 26. Nf2
({As usual, it is more accurate to improve the position of White's king:} 26.
Kg2 Nh5 27. Qh1 Qe8 28. Bd2 $16 {when I think White is clearly better.}) 26...
Nh5 27. Kh2 Ra3 $1 {Black is very active now and White has to be careful of ...
Nf4 ideas.} 28. Qd2 (28. Bf1 {intending Bh3 would have worked well, if not for}
Nxg3 $1 29. Kxg3 g4 30. fxg4 Qh4+ 31. Kg2 Nf4+ 32. Bxf4 exf4 33. Qf3 Bd4 34.
Be2 Bxf2 35. Qxf2 Qg5 $44 {when the threats of ...f3 and ...h5 give Black good
practical compensation for the piece.}) ({But maybe more logical is} 28. Bd2 {
simply threatening to exchange rooks with Ra1 next move. Black should play}
Ngf4 $1 {with great complications after} 29. gxf4 (29. Bf1 g4 30. fxg4 Nxg3 31.
Kxg3 h5 32. Ra1 Rxa1 33. Qxa1 Qg5 34. Qe1 hxg4 35. Nd3 Bf6 $132) 29... g4 (
29... gxf4 30. Bf1 Qh4+ 31. Kg1) 30. fxg4 Qh4+ 31. Kg1 Qg3+ (31... Nxf4 32. Bf3
) 32. Kf1 Nxf4 33. Bf3 h5 34. Bxf4 exf4 35. e5 $1 Bxe5 36. Qd3 {and the
computer likes White's chances here.}) 28... Qe8 29. Qb2 Ra8 30. Bd2 Qf7 31.
Ncd1 {Overprotecting f2, and threatening Rc7. I also had dreams of bringing my
knight to f5 one day.} Nxg3 {This position could be a good problem to solve:
Black to play and find the best move.} ({The day after the game my opponent
told me about the fantastic move} 31... Ngf4 $1 32. gxf4 Ng3 $1 {which gives
Black at least equal chances! Neither of us saw this method of sacrificing two
knights during the game, and the variations are extremely hard to calculate.
The great tactician Emil Sutovsky joined us during the analysis session, and
even he admits that White's position would be practically impossible to
defend! Of course I objected and tried to defend my side but it's definitely
easier to play Black here. Take a look at some lines below, they are great fun
to analyse:} 33. Bd3 (33. f5 Nxe2 34. Rc7 Rc8 (34... Nd4 35. Kg2 Qh5 36. Qc3)
35. Rxc8+ Bxc8 36. Qa3 {This might be White's safest line. He is safe for the
time being, but Black's knight is very active.} Nd4 (36... Nf4 37. Qa5 Bd7 38.
Qc7) (36... Qh5+ 37. Kg2 Nd4 38. Qd3) 37. Kg2) (33. Kxg3 $2 exf4+ 34. Kg2 Bxb2
35. Nxb2 h5 36. Nbd3 Ra2 37. Rd1 Qg7 $19 {Black's queen is too powerful and
White cannot defend against the pawns.}) (33. Nc3 exf4 34. Qc2 Bd4) 33... Qh5+
$1 (33... exf4 34. Bc3 Qh5+ 35. Kg1 $1 {is not the same, White is winning after
} Bxc3 36. Qxc3 Qxf3 37. Qf6 $18) 34. Kg2 (34. Kg1 Qxf3 35. f5 Bxf5 $132) 34...
exf4 35. Qc2 (35. Bc3 g4 ({Everything leads to a draw:} 35... Bxc3 36. Qxc3 g4
37. fxg4 Bxg4 38. Nxg4 Qxg4 39. Nf2 f3+ 40. Kh2 Qh4+ 41. Nh3 Qg4 $1 42. Ra1 (
42. Rg1 Ra2+ 43. Bc2 Nf1+ 44. Kh1 Ng3+ $11) 42... Rxa1 43. Qxa1 Ne2 44. Qf1
Qg3+ 45. Kh1 Qg4 $11) 36. fxg4 Bxg4 37. Nxg4 Qxg4 38. Nf2 f3+ 39. Kh2 Qf4 40.
Nh3 Nf1+ 41. Kh1 Ng3+ 42. Kh2 $11) 35... g4 36. fxg4 f3+ 37. Kxg3 (37. Kg1 Bxg4
38. Ne3 Bh3 39. Qc6 Rf8 40. Qxd6 Be5 {looks very scary for White.}) 37... Be5+
38. Bf4 Bxf4+ 39. Kxf4 Rf8+ 40. Kg3 Qe5+ 41. Kh3 Qh5+ $11 (41... h5 42. Ne3 Rf7
{should also lead to perpetual.})) (31... Rf8 32. Qa3) 32. Kxg3 Nf4 33. Nc3 Rf8
34. Be3 g4 $2 {I was surprised to see this move, it just loses by force. White
must be better, but the realisation of the advantage shouldn't have been easy.}
(34... h5 35. Rg1 Bh6 36. Qd2 Kh8 37. Bxf4 exf4+ 38. Kg2 g4 39. Bxb5 Bc8 40.
Ne2 Rg8 41. Kf1 $18) 35. fxg4 h5 36. Rg1 $1 {I like this move, the rook comes
to defend and the Black king might also become vulnerable along the g-file.}
hxg4 (36... Qf6 37. Qd2 Kh7 38. Rh1 Bh6 39. Bxb5 Bxg4 40. Nxg4 hxg4 41. Be2
Nxe2+ 42. Qxe2 Qf3+ 43. Qxf3 Rxf3+ 44. Kxg4 Rxe3 45. Nb5 Rxe4+ 46. Kf5 Rxb4 47.
Nxd6 $18 {liquidates to a winning ending. I have a vision of transposing to a
good ending like this sometime during the game.}) 37. Bxg4 {White is
completely winning.} Nd3 38. Qe2 Nxf2 39. Bxd7 Qxd7 (39... Qg6+ 40. Bg4) 40.
Bxf2 Rf6 41. Be3 Qf7 42. Kh2 Kf8 43. Rg2 {My opponent was gracious enough not
to waste time adjourning the game, therefore giving both of us an important
rest day.} 1-0